000 02015nam a2200493 i 4500
001 69
003 KOSZ 005
005 20220324084031.0
008 220324s1978 pl a f f 000 0 pol
040 _aWA N
_cWA N
_dKOSZ 005/RW
046 _k1978
080 _a621.9
080 _a(075.8)
100 1 _aKarpiński, Tadeusz
_d(1936- )
_eAutor
245 1 0 _aMateriały do projektowania procesów technologicznych.
_nCz. 3,
_pPomoce pomiarowe /
_cTadeusz Karpiński, Michał Kozłowski ; [recenzenci: Wojciech Kacalak, Henryk Żebrowski].
260 _aKoszalin :
_bWydawnictwo Uczelniane WSI,
_c1978.
300 _a72 strony :
_bilustracje ;
_c24 cm.
336 _aTekst
_btxt
_2rdacontent
337 _aBez urządzenia pośredniczącego
_bn
_2rdamedia
338 _aWolumin
_bnc
_2rdacarrier
380 _aKsiążki
380 _aPublikacje dydaktyczne
385 _mPoziom nauczania
_aSzkoły wyższe
388 1 _a1901-2000
388 1 _a1945-1989
490 1 _aSkrypty / Wyższa Szkoła Inżynierska w Koszalinie ;
_v16/4
650 7 _aMaszyny
650 7 _aTechnologia
650 7 _aProjektowanie
650 7 _aPomiary
650 7 _aPrzyrządy pomiarowe
650 7 _aDokumentacja techniczna
655 7 _aTablice i wzory
655 7 _aMateriały pomocnicze dla szkół wyższych
658 _aInżynieria i technika
700 1 _aKozłowski, Michał
_c(nauki techniczne)
_eAutor
700 1 _aKacalak, Wojciech
_d(1945- )
_eRecenzja
700 1 _aŻebrowski, Henryk
_d(1930-2017)
_eRecenzja
710 2 _aWydawnictwo Uczelniane (Wyższa Szkoła Inżynierska ; Koszalin)
_4pbl
830 0 _aSkrypty - Wyższa Szkoła Inżynierska (Koszalin)
_v16/4
856 _uhttp://dlibra.tu.koszalin.pl/dlibra/docmetadata?id=56&from=&dirids=1&ver_id=&lp=3&QI=
_yBiblioteka Cyfrowa
856 _uhttp://koha.tu.koszalin.pl/cgi-bin/koha/opac-detail.pl?biblionumber=69
_yKatalog online BPK
942 _2UKD
_cKS
999 _c69
_d69